Normal view
MARC view
Entry Personal Name
001 - CONTROL NUMBER
- control field: 33019
003 - CONTROL NUMBER IDENTIFIER
- control field: dpl
005 - DATE AND TIME OF LATEST TRANSACTION
- control field: 20110818113958.0
008 - FIXED-LENGTH DATA ELEMENTS
- fixed length control field: 110818|||a|||||| | ||| d
040 ## - CATALOGING SOURCE
- Original cataloging agency: dpl
- Transcribing agency: dpl
100 ## - HEADING--PERSONAL NAME
- Personal name: Dey, Bata K.
670 ## - SOURCE DATA FOUND
- Source citation: Work cat.: (dpl): Dey, Bata K., Good governance:, c2002
670 ## - SOURCE DATA FOUND
- Source citation: Work cat.: (dpl): Dey, Bata K., Good governance:, c2002
